El escritor

Salvato in:
Dettagli Bibliografici
Autore principale: Azorín, Antonio
Natura: Libro
Lingua:Undetermined
Pubblicazione: Buenos Aires, Argentina Editorial Espasa-Calpe 1942
Soggetti:
Tags: Aggiungi Tag
Nessun Tag, puoi essere il primo ad aggiungerne!!

MARC

LEADER 00000nam a2200000Ia 4500
008 170316s9999 xx 000 0 und d
040 |a cru BVZT 
090 |a 862 A-52e 
100 |a Azorín, Antonio 
245 |a El escritor 
260 |a Buenos Aires, Argentina 
260 |b Editorial Espasa-Calpe 
260 |c 1942 
300 |a 151 páginas 
650 |a LITERATURA ESPAÑOLA 
999 |c 9471  |d 9471 
942 |c 15 D  |h 862 A-52e  |2 z